<?xml version="1.0" encoding="UTF-8"?>
<record
    xmlns:xsi="http://www.w3.org/2001/XMLSchema-instance"
    xsi:schemaLocation="http://www.loc.gov/MARC21/slim http://www.loc.gov/standards/marcxml/schema/MARC21slim.xsd"
    xmlns="http://www.loc.gov/MARC21/slim">

  <leader>02153cam a2200289   4500</leader>
  <controlfield tag="001">8606</controlfield>
  <controlfield tag="003">Uk</controlfield>
  <controlfield tag="005">20181127190344.0</controlfield>
  <controlfield tag="008">141127s2015    at            001|0|eng|d</controlfield>
  <datafield tag="020" ind1=" " ind2=" ">
    <subfield code="a">9781305116641 (hbk.) :</subfield>
    <subfield code="c">123.00</subfield>
  </datafield>
  <datafield tag="082" ind1="0" ind2="4">
    <subfield code="a">155</subfield>
    <subfield code="2">23</subfield>
  </datafield>
  <datafield tag="100" ind1="1" ind2=" ">
    <subfield code="a">Kail, Robert V.,</subfield>
    <subfield code="e"></subfield>
  </datafield>
  <datafield tag="245" ind1="1" ind2="0">
    <subfield code="a">Human development :</subfield>
    <subfield code="b">a life-span view /</subfield>
    <subfield code="c">Robert Kail, John Cavanaugh.</subfield>
  </datafield>
  <datafield tag="250" ind1=" " ind2=" ">
    <subfield code="a">6th ed</subfield>
  </datafield>
  <datafield tag="264" ind1=" " ind2="1">
    <subfield code="a">Australia :</subfield>
    <subfield code="b">South-Western,</subfield>
    <subfield code="c">2013.</subfield>
  </datafield>
  <datafield tag="300" ind1=" " ind2=" ">
    <subfield code="a">1 volume ;</subfield>
    <subfield code="c">25 cm.</subfield>
  </datafield>
  <datafield tag="336" ind1=" " ind2=" ">
    <subfield code="a">text</subfield>
    <subfield code="2">rdacontent.</subfield>
  </datafield>
  <datafield tag="337" ind1=" " ind2=" ">
    <subfield code="a">unmediated</subfield>
    <subfield code="2">rdamedia.</subfield>
  </datafield>
  <datafield tag="338" ind1=" " ind2=" ">
    <subfield code="a">volume</subfield>
    <subfield code="2">rdacarrier.</subfield>
  </datafield>
  <datafield tag="500" ind1=" " ind2=" ">
    <subfield code="a">Formerly CIP.</subfield>
    <subfield code="5">Uk.</subfield>
  </datafield>
  <datafield tag="500" ind1=" " ind2=" ">
    <subfield code="a">Previous ed.: Belmont, Calif.: Wadsworth Cengage Learning, 2013.</subfield>
  </datafield>
  <datafield tag="504" ind1=" " ind2=" ">
    <subfield code="a">Includes bibliographical references and index.</subfield>
  </datafield>
  <datafield tag="505" ind1=" " ind2=" ">
    <subfield code="a">CONTENTS : The study of human development -- Biological foundations : heredity, prenatal development,  and birth -- Tools for exploring the world : physical, perceptual, and  motor development -- The emergence of thought and language : cognitive  development in infancy and early childhood -- Entering the social world : socioemotional development in  infancy and early childhood -- Off to school : cognitive and physical development in  middle childhood -- Expanding social horizons : socioemotional development in  middle childhood rites of passage : physical and  cognitive development in adolescence -- Moving into the adult social world : socioemotional  development in adolescence -- Becoming an adult : physical, cognitive, and personality  development in young adulthood -- Being with others : forming relationships in young and  middle adulthood -- Work and leisure : occupational and lifestyle issues in  young and middle adulthood -- Making it in midlife : the biopsychosocial challenges of  middle adulthood -- The personal context of later life : physical, cognitive,  and mental health issues -- Social aspects of later life : psychosocial, retirement,  relationship, and societal issues -- The final passage : dying and bereavement.</subfield>
  </datafield>
  <datafield tag="650" ind1=" " ind2="0">
    <subfield code="a">Developmental psychology.</subfield>
  </datafield>
  <datafield tag="700" ind1="1" ind2=" ">
    <subfield code="a">Cavanaugh, John C.,</subfield>
    <subfield code="e">author.</subfield>
  </datafield>
  <datafield tag="999" ind1=" " ind2=" ">
    <subfield code="c">7458</subfield>
    <subfield code="d">7458</subfield>
  </datafield>
  <datafield tag="952" ind1=" " ind2=" ">
    <subfield code="0">0</subfield>
    <subfield code="1">0</subfield>
    <subfield code="2">ddc</subfield>
    <subfield code="4">0</subfield>
    <subfield code="7">0</subfield>
    <subfield code="8">MAIN</subfield>
    <subfield code="a">RTCLIB</subfield>
    <subfield code="b">RTCLIB</subfield>
    <subfield code="c">MAIN</subfield>
    <subfield code="h"> </subfield>
    <subfield code="i">13083</subfield>
    <subfield code="l">0</subfield>
    <subfield code="o">155 KAI</subfield>
    <subfield code="p">30013529</subfield>
    <subfield code="r">2018-11-27 00:00:00</subfield>
    <subfield code="w">2018-11-27</subfield>
    <subfield code="y">MAIN</subfield>
  </datafield>
</record>
